000 00303nam a22001337a 4500
020 _a0-552-99383-2
082 _a823
_bMAU/S
100 _aMAUPIN, ARMISTEAD
245 _aSIGNIFICANT OTHERS
260 _aGREAT BRITAIN
_bBLACK SWAN
_c1990
300 _a315
650 _aNOVEL
_zGREAT BRITAIN
942 _cBK
999 _c3525
_d3525